000 00907cam a22002291 4500
005 20180803170359.0
008 751210s1941 miuabf 000 0 eng
040 _aDLC
_cFMU
_dDLC
_dCO-BoIAVH
041 0 _aspa
044 _ack
082 0 4 _a599.09789
_bH78m
100 1 _aHooper, Emmet Thurman
_d1911-
_eautor
245 0 0 _aMammals of the lava fields and adjoining areas in Valencia county, New Mexico
_cby Emmet T. Hooper.
260 _aAnn Arbor,
_bUniversity of Michigan press,
_c1941.
300 _a47, [1] páginas, 3 placas :
_bilustraciones ;
_c26 x 17 cm.
490 0 _aMiscellaneous publications ;
_vno. 51
504 _aIncluye referencias bibliográficas: páginas 45-47.
650 2 6 _aMamíferos
_zNuevo México (Estados Unidos)
650 2 6 _aMamíferos
_xZonas volcánicas
_zNuevo México (Estados Unidos)
650 2 6 _aEcología animal
942 _2ddc
_cLIBRO
999 _c19437
_d19437